Statistics for Largest Countries By land area

Click here to take the quiz!

General Stats

  • This quiz has been taken 19 times
  • The average score is 33 of 40

Answer Stats

HintAnswer% Correct
7,682,300Australia
100%
8,358,140Brazil
100%
9,093,510Canada
100%
1,943,950Mexico
100%
1,553,560Mongolia
100%
16,376,870Russia
100%
9,147,420United States
100%
2,381,740Algeria
91%
1,259,200Chad
91%
9,388,211China
91%
1,109,500Colombia
91%
2,267,050Democratic republic of the Congo
91%
2,973,190India
91%
1,811,570Indonesia
91%
2,699,700Kazakhstan
91%
1,266,700Niger
91%
770,880Pakistan
91%
2,149,690Saudi Arabia
91%
769,630Turkey
91%
1,246,700Angola
82%
2,736,690Argentina
82%
743,532Chile
82%
1,000,000Ethiopia
82%
1,628,550Iran
82%
1,220,190Mali
82%
1,280,000Peru
82%
1,213,090South Africa
82%
1,083,300Bolivia
73%
995,450Egypt
73%
1,759,540Libya
73%
786,380Mozambique
73%
823,290Namibia
73%
910,770Nigeria
73%
1,765,048Sudan
73%
885,800Tanzania
73%
882,050Venezuela
73%
652,860Afghanistan
64%
1,030,700Mauritania
55%
743,390Zambia
36%
653,290Myanmar
27%

Score Distribution

Percentile by Number Answered

Percent of People with Each Score

Your Score History

You have not taken this quiz